000 00553nam a2200229Ia 4500
003 OSt
005 20220924141428.0
006 a|||||r|||| 00| 0
007 ta
008 220923b |||||||| |||| 00| 0 ben d
024 _a298206
037 _cTextual
040 _aARTS
_cARTS
_bben
041 _2ben
_aben
082 _aO157,6M61x, D5
100 _aThakur
_9154826
245 0 _aBharat varsha
260 _c1905
650 _aBENGALI LITERATURE
942 _hO157,6M61x, D5
_cTEXL
_2CC
999 _c447234
_d447234